|
|
|
|
| LEADER |
00000naa2a2200000 4500 |
| 001 |
555910 |
| 005 |
20231101121809.0 |
| 035 |
|
|
|a (RuTPU)RU\TPU\prd\250168
|
| 090 |
|
|
|a 555910
|
| 100 |
|
|
|a 20160122a2010 k y0rusy50 ca
|
| 101 |
0 |
|
|a rus
|
| 102 |
|
|
|a RU
|
| 200 |
1 |
|
|a Структурно-энергетическое состояние нанопорошков металлов и проблемы их аттестации
|f А. П. Ильин [и др.]
|
| 461 |
|
0 |
|0 (RuTPU)RU\TPU\prd\1509
|x 0368-1025
|t Измерительная техника
|o научно-технический журнал
|f Федеральное агентство по техническому регулированию и метрологии; ФГУП "Всероссийский научно-исследовательский институт метрологии им. Д. И. Менделеева"
|d 1940-1941, 1955-
|
| 463 |
|
0 |
|0 (RuTPU)RU\TPU\prd\73832
|t № 10
|v С. 59-63
|d 2009
|
| 610 |
1 |
|
|a труды учёных ТПУ
|
| 701 |
|
1 |
|a Ильин
|b А. П.
|c химик
|c профессор Томского политехнического университета, доктор физико-математических наук
|f 1949-
|g Александр Петрович
|2 stltpush
|3 (RuTPU)RU\TPU\pers\25487
|
| 701 |
|
1 |
|a Шувалов
|b Г. В.
|
| 701 |
|
1 |
|a Клековкин
|b И. В.
|
| 701 |
|
1 |
|a Коршунов
|b А. В.
|c химик
|c профессор Томского политехнического университета, кандидат химических наук
|f 1970-
|g Андрей Владимирович
|2 stltpush
|3 (RuTPU)RU\TPU\pers\25489
|
| 701 |
|
1 |
|a Толбанова
|b Л. О.
|c химик
|c доцент Томского политехнического университета, кандидат технических наук
|f 1982-
|g Людмила Олеговна
|2 stltpush
|3 (RuTPU)RU\TPU\pers\25503
|
| 801 |
|
1 |
|a RU
|b 63413507
|c 20160122
|
| 801 |
|
2 |
|a RU
|b 63413507
|c 20181112
|g RCR
|
| 942 |
|
|
|c BK
|